ბათუმის შოთა რუსთაველის სახელმწიფო უნივერსიტეტის ბიბლიოთეკა

კონტრტერორიზმი და ამბოხებულებთან ბრძოლა / (ბიბ.ჩანაწერი № 63347)

000 -ლიდერი
ფიქსირებული სიგრძის საკონტროლო ველი 01405nam a22002177a 4500
003 - საკონტროლო ნომრის იდენტიფიკატორი
საკონტროლო ველი Ge_BSU
005 - ბოლო ოპერაციის თარიღი და დრო
საკონტროლო ველი 20250923160839.0
008 - ფიქსირებული სიგრძის მონაცემთა ელემენტები - ზოგადი ინფორმაცია
ფიქსირებული სიგრძის საკონტროლო ველი 250923s2025 ge ||||| |||| 00| 0 geo d
020 ## - წიგნის საერთაშორისო სტანდარტული ნომერი
International Standard Book Number 9789941880797
041 ## - ენის კოდი
Language code of text/sound track or separate title geo
080 ## - უნივერსალური ათობითი კლასიფიკაციის ინდექსი
Universal Decimal Classification number 323 ფ-97
100 ## - მთავარი ჩანაწერი - პიროვნების სახელი
Personal name ფუტკარაძე, კახა
9 (RLIN) 25852
245 ## - ცნობა სათაურის შესახებ
Title კონტრტერორიზმი და ამბოხებულებთან ბრძოლა /
Statement of responsibility, etc კახა ფუტკარაძე; სამეცნიერო რედაქტორი ზურაბ ზერეკიძე, იოსებ ჯაფარიძე; სსიპ- დავით აღმაშენებლის სახელობის საქართველოს ეროვნული თავდაცვის აკადემია.
264 ## - წარმოების, გამოცემის, დისტრიბუციის და სხვა ცნობები
გამოცემის, წარმოების, დისტრიბუციის... ადგილი გორი :
გამოცემის, წარმოების, დისტრიბუციის... სახელწოდება ეროვნული თავდაცვის აკადემია,
გამოცემის, წარმოების, დისტრიბუციის... თარიღი 2025 .
300 ## - ფიზიკური აღწერა
Extent 216 გვ.;
Other physical details 28 სმ.
653 ## - INDEX TERM--UNCONTROLLED
Uncontrolled term ტერორიზმი
653 ## - INDEX TERM--UNCONTROLLED
Uncontrolled term საერთაშორისო უსაფრთხოება
700 ## - ADDED ENTRY--PERSONAL NAME
Personal name ზერეკიძე , ზურაბ
Relator term სამეცნიერო რედაქტორი
9 (RLIN) 25853
700 ## - ADDED ENTRY--PERSONAL NAME
Personal name ჯაფარიძე , იოსებ
Relator term სამეცნიერო რედაქტორი
9 (RLIN) 25854
942 ## - ADDED ENTRY ELEMENTS (KOHA)
Source of classification or shelving scheme
Koha item type წიგნი
ეგზემპლარები
ჩამოწერის სტატუსი დაკარგული ეგზემპლარის სტატუსი კლასიფიკაციის წყარო ან თაროზე გაწყობის სქემა დაზიანების სტატუსი არ გაიცემა მუდმივი მდებარეობა (დაცვის ადგილი) ამჟამინდელი ადგილსამყოფელი თაროზე განთავსების ადგილი შეძენის თარიღი ღირებულება, შესყიდვის ნორმალური ფასი სრული შენახვის შიფრი შტრიხკოდი ბოლო ოპერაციის თარიღი ეგზემპლარის მიმდევრობითი ნომერი (კეტერი?) ფასის ძალაში შესვლის თარიღი ეგზემპლარის სახეობა საჯარო შენიშვნა
          ბათუმის შოთა რუსთაველის სახელმწიფო უნივერსიტეტის მთავარი ბიბლიოთეკა ბათუმის შოთა რუსთაველის სახელმწიფო უნივერსიტეტის მთავარი ბიბლიოთეკა წიგნსაცავი 2025-09-23 12.00 323 ფ-97 72400 2025-09-23 72400 2025-09-23 წიგნი 12 ლ.